| 000 | 00612nam a2200193 a 4500 | ||
|---|---|---|---|
| 005 | 20210219160156.0 | ||
| 008 | 080922s1973 mx r 000 0 spa d | ||
| 035 | _aUPN01000160187 | ||
| 049 | _aUNE | ||
| 080 | _aDO 341.16: 001 (093.2) 1972RES 91a. | ||
| 111 | 2 |
_aUNESCO. Consejo Ejecutivo _n(91a : _d1972 : _cParís) |
|
| 245 | 1 | 0 | _aActas Resumidas. |
| 260 |
_aParís : _bUNESCO, _c1973. |
||
| 300 | _a39 p. | ||
| 500 | _aIncluye texto en inglés, francés, ruso y español | ||
| 690 | _aAcuerdos - Consejo ejecutivo de la UNESCO | ||
| 690 | _aConsejo ejecutivo de la UNESCO - Acuerdos | ||
| 905 | _aUNESCO | ||
| 999 |
_c132301 _d132301 |
||